LEADER 02166nam0 22004453i 450 001 VAN0255899 005 20230622041435.43 017 70$2N$a9783540470106 100 $a20230316d1973 |0itac50 ba 101 $aeng 102 $aDE 105 $a|||| ||||| 200 1 $aˆThe ‰Metrical Theory of Jacobi-Perron Algorithm$fFritz Schweiger 210 $aBerlin$cSpringer$d1973 215 $a111 p.$d24 cm 461 1$1001VAN0102250$12001 $aLecture notes in mathematics$1210 $aBerlin [etc.]$cSpringer$v334 606 $a11-XX$xNumber theory [MSC 2020]$3VANC019688$2MF 606 $a11A63$xRadix representation; digital problems [MSC 2020]$3VANC021429$2MF 606 $a11J70$xContinued fractions and generalizations [MSC 2020]$3VANC021430$2MF 606 $a28A75$xLength, area, volume, other geometric measure theory [MSC 2020]$3VANC021494$2MF 606 $a28C10$xSet functions and measures on topological groups, Haar measures, invariant measures [MSC 2020]$3VANC021612$2MF 606 $a28A10$xReal- or complex-valued set functions [MSC 2020]$3VANC022385$2MF 606 $a28D05$xMeasure-preserving transformations [MSC 2020]$3VANC022530$2MF 606 $a11K16$xNormal numbers, radix expansions, Pisot numbers, Salem numbers, good lattice points, etc. [MSC 2020]$3VANC035407$2MF 610 $aAlgorithms$9KW:K 610 $aInvariants$9KW:K 610 $aJacobi-Perron algorithm$9KW:K 610 $aProofs$9KW:K 610 $aTheorem$9KW:K 620 $dBerlin$3VANL000066 700 1$aSchweiger$bFritz$3VANV040435$0441282 712 $aSpringer $3VANV108073$4650 801 $aIT$bSOL$c20240614$gRICA 856 4 $uhttps://doi.org/10.1007/BFb0059845$zE-book ? Accesso al full-text attraverso riconoscimento IP di Ateneo, proxy e/o Shibboleth 899 $aBIBLIOTECA DEL DIPARTIMENTO DI MATEMATICA E FISICA$1IT-CE0120$2VAN08 912 $fN 912 $aVAN0255899 950 $aBIBLIOTECA DEL DIPARTIMENTO DI MATEMATICA E FISICA$d08CONS e-book 5744 $e08eMF5744 20230328 996 $aMetrical theory of Jacobi-Perron algorithm$981429 997 $aUNICAMPANIA LEADER 02399nam0 2200457 i 450 001 CFI0119857 005 20251003044123.0 020 $aIT$b90-2681 100 $a20111017d1987 ||||0itac50 ba 101 | $aita 102 $ait 181 1$6z01$ai $bxxxe 182 1$6z01$an 200 1 $aStato, politica economica e relazioni industriali in Europa$eatti del Convegno promosso dalla Facoltà di economia dell'Università di Brescia, dal Cesos e dall'Aisri$fa cura di Guido Baglioni e Corrado Squarzon 210 $aMilano$cF. Angeli$d©1987 215 $a422 p.$d22 cm 225 | $aCesos$fCentro di studi sociali e sindacali$i$v2 300 $aTenuto a Brescia nel 1986. 410 0$1001CFI0118264$12001 $aCesos$fCentro di studi sociali e sindacali$i$v2$171202$aCesos$3CFIV016675 606 $aRelazioni industriali$xEuropa$xCongressi$x1986$2FIR$3CFIC047645$9I 676 $a331.09$9ECONOMIA DEL LAVORO. Storia, geografia, persone$v23 676 $a331.094$9ECONOMIA DEL LAVORO. RELAZIONI INDUSTRIALI. EUROPA$v19 676 $a331.094$9ECONOMIA DEL LAVORO. EUROPA$v20 676 $a331.094$9ECONOMIA DEL LAVORO. Europa$v21 686 $a430.0$cSTORIA ECONOMICA E SOCIALE 1968-1989$2R 686 $a430.6$cLAVORO 1968-1989$2R 686 $aHD 8376.5$c$2C 696 $aConvegni$aCongressi e convegni 699 $aCongressi$yConvegni 699 $aCongressi$yCongressi e convegni 702 1$aBaglioni$b, Guido$3CFIV008437 702 1$aSquarzon$b, Corrado$3CFIV041169 801 3$aIT$bIT-000000$c20111017 850 $aIT-BN0095 $aIT-NA0457 901 $bNAP BI$cSALA 1 $nLibri da 1 a 960 901 $bNAP 01$cPOZZO LIB.$nVi sono collocati fondi di economia, periodici di ingegneria e scienze, periodici di economia e statistica e altri fondi comprendenti documenti di economia pervenuti in dono. 912 $aCFI0119857 950 0$aBiblioteca Centralizzata di Ateneo$c1 v.$d 01POZZO LIB.ECON MON 7930$e 0101 0000086275E VMA 1 v. (Precedente collocazione: Guerrazzi B 81)$fB $h20070726$i20070726$c1 v.$d 01POZZO LIB.F. SANTI 283$e 0101 0060033295E VMA 1 v. (Precedente collocazione S 442)$fB $h20221110$i20221110 977 $a 01$a BI 996 $aStato, politica economica e relazioni industriali in Europa$962397 997 $aUNISANNIO LEADER 01221nam2 22002893i 450 001 VAN00076014 005 20240806100608.280 010 $a88-14-05109-7 100 $a20100629d1995 |0itac50 ba 101 $aita 102 $aIT 105 $a|||| ||||| 200 1 $aˆ2: ‰Commentario 210 $aMilano$cGiuffrè$d1995 215 $aXXXIII, 886-1611 p.$d25 cm 316 $aFondo Tribunale$5IT-IT-CE0105 CONSIX.D.50 (2) 461 1$1001VAN00076013$12001 $aCommentario$fa cura di Franco Carinci$1210 $aMilano$cGiuffrè$d1995.$v2 620 $dMilano$3VANL000284 712 $aGiuffrè $3VANV109181$4650 801 $aIT$bSOL$c20251114$gRICA 899 $aBIBLIOTECA DEL DIPARTIMENTO DI ECONOMIA$1IT-CE0106$2VAN03 899 $aBIBLIOTECA DEL DIPARTIMENTO DI GIURISPRUDENZA$1IT-CE0105$2VAN00 912 $aVAN00076014 950 $aBIBLIOTECA DEL DIPARTIMENTO DI GIURISPRUDENZA$d00CONS IX.D.50 (2) $e00FT 35923 20100629 Fondo Tribunale 950 $aBIBLIOTECA DEL DIPARTIMENTO DI ECONOMIA$d03PREST IVDd9(2) $e03 31340 2 20140206 996 $aCommentario$91407416 997 $aUNICAMPANIA